Cykloželeznica bude chrániť pred záplavami

Bibliographic Details
Format: Article
Language:Slovak
ISSN:1335-4051
Subjects:

MARC

LEADER 00000nab a2200000 a 4500
001 vtls008873103
003 SK-MaSNL
005 20260303061635.0
008 061106c20061011xo ur| 0 0slo
038 |a RVGKPD 
040 |a RVGKPD  |b slo  |c RVGKPD  |e AACR2 
041 |a slo 
044 |a xo  |c SK 
080 |a 656.2  |2 1997 
080 |a 379.853  |2 1997 
245 0 0 |a Cykloželeznica bude chrániť pred záplavami  |c [autor] (ič) 
650 0 7 |a železnice  |2 rvgkpd  |9 20511 
650 0 7 |a cykloturistika  |2 rvgkpd  |9 3264 
650 0 7 |a projekty  |2 rvgkpd  |9 18866 
651 7 |a Prešov (Slovensko)  |2 rvgkpd  |9 17347 
651 7 |a Zlatá Baňa (Slovensko)  |2 rvgkpd  |9 17304 
773 0 |t Pravda  |g Roč. XVI, č. 234 (11.10.2006), s. 4  |x 1335-4051 
852 |a RVGKPD  |b KIS3G 
992 |a RBX 
999 |c 1736207  |d 1738137